Lioubimov : Ville Aimée : roman /

Guardado en:
Detalles Bibliográficos
Autor principal: Siniavski, Andréi Donátevich (autor)
Otros autores: Filippov, Boris (prefacio) (prefacio)
Formato: Libro
Idioma:Francés
Publicado: París, Francia : Julliard, 1966, c1966
Temas:
Etiquetas: Agrega una etiqueta
Sin etiquetas, Sé el primero en etiquetar este registro!

MARC

LEADER 00000nam^a2200000^a^4500
001 000342273
005 20250521000000.0
009 20260310114548.04
037 |a Acervo ITESO - Biblioteca 
041 |a FRA 
082 |a 891. 7  |b SIN 
100 |a Siniavski, Andréi Donátevich  |e (autor) 
245 1 0 |a Lioubimov :  |b Ville Aimée : roman /  |c A.D. Siniavski ; pref. de B. Filippov ; tr. por Sonia Lescaut. 
264 4 |a París, Francia :  |b Julliard,  |c 1966, c1966 
300 |a 210 p. 
336 |a texto  |b txt  |2 rdacontenido 
337 |a sin mediación  |b n  |2 rdamedio 
338 |a volumen  |b nc  |2 rdasoporte 
561 |a Ex libris de Ignacio Díaz Morales 
649 |a XX 
650 |a Novela Fantástica -  |z Rusia 
650 |a Novela Rusa 
650 |a Literatura Fantástica -  |z Rusia 
650 |a Literatura Rusa -  |y Siglo XX 
700 |a Filippov, Boris  |e (prefacio) 
910 |a Fondo Ignacio Díaz Morales 
920 |a Impresos - Libros 
930 |a Arquitectos Jaliscienses 
940 |a Literatura 
905 |a 114 
901 |a 0500232418  |b IT1  |c JAL  |i D62944  |u 20250521 
902 |a https://opac.biblio.iteso.mx/vufind/Record/000342273